000 00770cam a2200253 i 4500
001 25670
003 Mx-PuUPA
005 20250331142935.0
008 140415s1997 000 0 spa d
040 _aMx-PuUPA
_bspa
_cMx-PuUPA
_dMx-PuUPA
_erda
041 _aspa
100 1 _aLampérez Y Romea, Vicence
_eautor
245 1 0 _aHistoria de la arquitectura cristiana
_b
264 1 _aMadrid :
_bEspasa-Calpe,
_c1935
300 _a260 páginas :
_bilustraciones ;
_c15 cm
336 _2rdacontent
_atexto
_btxt
337 _2rdamedia
_asin medio
_bn
338 _2rdacarrier
_avolumen
_bnc
502 _a
650 7 _2armarc
_a
_x
942 _2ddc
_cLI
_hxx
_ixx
_n
999 _c25670
_d25670